Ekonomické vzdelávanie a regionálny trh práce zborník príspevkov z medzinárodnej vedeckej konferencie Katedry pedagogiky Národohospodárskej fakulty Ekonomickej univerzity v Bratislave

Enregistré dans:
Détails bibliographiques
Collectivités auteurs: Ekonomické vzdelávanie a regionálny trh práce. Medzinárodná vedecká konferencia, Národohospodárska fakulta EU. Katedra pedagogiky
Format: Livre
Langue:slovaque
tchèque
anglais
Publié: Bratislava Katedra pedagogiky NHF EU 2007
Sujets:
Tags: Ajouter un tag
Pas de tags, Soyez le premier à ajouter un tag!

MARC

LEADER 00000nlm$a2200000$$$4500
001 0070314
005 20240429090040.4
020 |a 978-80-225-2340-0 
041 0 |a slo 
041 0 |a cze 
041 0 |a eng 
044 |a SK 
245 1 0 |a Ekonomické vzdelávanie a regionálny trh práce  |b zborník príspevkov z medzinárodnej vedeckej konferencie Katedry pedagogiky Národohospodárskej fakulty Ekonomickej univerzity v Bratislave 
264 1 |a Bratislava  |b Katedra pedagogiky NHF EU  |c 2007 
300 |a CD-ROM 
610 2 0 |a vzdelávanie 
610 2 0 |a trh práce 
610 2 0 |a regióny 
110 2 |a Ekonomické vzdelávanie a regionálny trh práce. Medzinárodná vedecká konferencia 
710 2 |a Národohospodárska fakulta EU. Katedra pedagogiky